000 00328nam a22001457a 4500
008 221114b ||||| |||| 00| 0 eng d
020 _a674461754
041 _aeng
080 _2VOLUME II
_a51
082 _a51KOY
100 _a18.1
101 _aMATE
245 _aPHILOSOPHIAE NATURALIS
_cISAAC NEWTON'S
942 _2udc
_cBK
999 _c58879
_d58879